studying your community (Record no. 7537)

MARC details
000 -LEADER
fixed length control field 00357 a2200157 4500
003 - CONTROL NUMBER IDENTIFIER
control field OSt
005 - DATE AND TIME OF LATEST TRANSACTION
control field 20210929133256.0
008 - FIXED-LENGTH DATA ELEMENTS--GENERAL INFORMATION
fixed length control field 210929b |||||||| |||| 00| 0 eng d
040 ## - CATALOGING SOURCE
Transcribing agency hu
082 ## - DEWEY DECIMAL CLASSIFICATION NUMBER
Classification number 301.3
100 ## - MAIN ENTRY--PERSONAL NAME
Personal name warren l roland
9 (RLIN) 8094
245 ## - TITLE STATEMENT
Title studying your community
260 ## - PUBLICATION, DISTRIBUTION, ETC.
Place of publication, distribution, etc. new werk
Name of publisher, distributor, etc. hall
Date of publication, distribution, etc. 1955
300 ## - PHYSICAL DESCRIPTION
Extent 385
942 ## - ADDED ENTRY ELEMENTS (KOHA)
Source of classification or shelving scheme Dewey Decimal Classification
Koha item type Books like text book referance book
Suppress in OPAC No
Holdings
Withdrawn status Lost status Source of classification or shelving scheme Damaged status Not for loan Home library Current library Shelving location Date acquired Total Checkouts Full call number Barcode Date last seen Copy number Price effective from Koha item type
    Dewey Decimal Classification     Social Library Social Library General Stacks 09/29/2021   301.3/war SHLIB 00001620 09/29/2021 1 09/29/2021 Books like text book referance book